The Art of U.P. (Record no. 6335)

000 -LEADER
fixed length control field 00302nam a2200133Ia 4500
008 - FIXED-LENGTH DATA ELEMENTS--GENERAL INFORMATION
fixed length control field 190704s9999||||xx |||||||||||||| ||und||
020 ## - INTERNATIONAL STANDARD BOOK NUMBER
International Standard Book Number 9780811866026
082 ## - DEWEY DECIMAL CLASSIFICATION NUMBER
Classification number 700
Item number HAU/T
100 ## - MAIN ENTRY--PERSONAL NAME
Personal name Hauser, Tim
245 #4 - TITLE STATEMENT
Title The Art of U.P.
260 ## - PUBLICATION, DISTRIBUTION, ETC.
Name of publisher, distributor, etc. Chronical Books
Date of publication, distribution, etc. 2009
300 ## - PHYSICAL DESCRIPTION
Extent 160p
942 ## - ADDED ENTRY ELEMENTS (KOHA)
Koha item type Book

No items available.

All Rights Reserved@MUIT

Powered by Koha